Tecnología móvil : GSM, GPRS, UMTS y WI-FI /

El tema central de esta obra es el análisis de la movilidad conseguida mediante las comunicaciones inalámbricas, con énfasis en su aplicación en el mundo de los negocios. La primera parte de libro se avoca a la revisión de las características de las tres generaciones de telefonía móvil, así como de...

Description complète

Enregistré dans:
Détails bibliographiques
Auteur principal: Arroyo Galán, Luis (autor)
Format: Livre
Langue:espagnol
Publié: Madrid, España : Anaya, 2003, c2003
Collection:(Títulos Especiales)
Sujets:
Tags: Ajouter un tag
Pas de tags, Soyez le premier à ajouter un tag!

MARC

LEADER 00000nam^a2200000^a^4500
001 000160560
005 20250521000000.0
009 20260310100727.493
020 |a 84-415-1582-4 
037 |a Acervo ITESO - Biblioteca 
041 |a ESP 
082 |a 384. 5  |b ARR 
100 |a Arroyo Galán, Luis  |e (autor) 
245 1 0 |a Tecnología móvil :  |b GSM, GPRS, UMTS y WI-FI /  |c L. Arroyo Galán ; pról. de Fernando Fernández Méndez de Andes. 
264 4 |a Madrid, España :  |b Anaya,  |c 2003, c2003 
300 |a 303 p. 
336 |a texto  |b txt  |2 rdacontenido 
337 |a sin mediación  |b n  |2 rdamedio 
338 |a volumen  |b nc  |2 rdasoporte 
440 1 |a (Títulos Especiales) 
520 |a El tema central de esta obra es el análisis de la movilidad conseguida mediante las comunicaciones inalámbricas, con énfasis en su aplicación en el mundo de los negocios. La primera parte de libro se avoca a la revisión de las características de las tres generaciones de telefonía móvil, así como de las tecnologías que la hicieron posible, al fenómeno Wi-Fi y al éxito conseguido en Japón con las aplicaciones de datos sin hilos; en la segunda, se repasan los conceptos más importantes de los negocios electrónicos y el e-commerce; en el tercero, se combinan la teoría y la práctica, a partir del estudio de casos reales de aplicación de la movilidad, en el presente y en el futuro. 
649 |a XX 
650 |a Telefonía Celular 
650 |a Negocios en Internet 
650 |a Comercio 
650 |a Multimedia 
650 |a Transmisión de Imágenes 
650 |a Transmisión de Datos 
650 |a Transmisión de Voz 
650 |a Protocolos de Comunicación 
650 |a Señales y Transmisión de Señales 
650 |a Proceso de Comunicación 
650 |a Internet -  |x Aspectos Económicos 
650 |a Redes de Comunicación -  |x Aspectos Económicos 
650 |a Comunicación en Red -  |x Aspectos Económicos 
650 |a Comunicación Inalámbrica -  |x Aspectos Económicos 
650 |a Sistemas Móviles de Comunicación -  |x Aspectos Económicos 
650 |a Sistemas de Telecomunicación -  |x Aspectos Económicos 
650 |a Telecomunicaciones -  |x Aspectos Económicos 
650 |a Comunicaciones y Tránsito 
650 |a Tecnología y Sociedad 
650 |a Ingeniería Electrónica 
650 |a Economía 
910 |a Fondo General 
920 |a Impresos - Libros 
930 |a Colección General 
905 |a 101 
901 |a 0500091849  |b IT1  |c ACC  |u 20250521 
902 |a https://opac.biblio.iteso.mx/vufind/Record/000160560